000 00963nam a2200277 a 4500
001 000049043
003 DO-SdBNP
005 20260527074042.0
007 ta
008 190716s19uu dr 000 0 spa d
040 _aDO-SdBNP
_bspa
_cBNPHU
082 4 _a320.97293
_bP349p
_222
100 1 _aPeña Angela
_937722
245 1 0 _aPartidos, políticos y presidentes dominicanos /
_cAngela Peña ; prólogo Juan Bosch.
260 _aSanto Domingo :
_bAlianza Nacional Progresista,
_c[199-?].
300 _a132 p. :
_bilustraciones ;
_c22 cm.
490 1 _aPatriótica de ciudadanos
500 _aIncluye datos biográficos del autor en la contracubierta
590 _aInventariado, 2019/VM
650 4 _aPresidentes
_zRepública Dominicana
_9599
650 0 _aPartidos políticos
_zRepública Dominicana
_9285
651 0 _aRepública Dominicana
_xPolítica y gobierno
_945
830 0 _aPatriótica de ciudadanos
_976446
910 _aV/M
942 _2ddc
_cLBS1
999 _c48531
_d48531